London Streets - Statistics

General Stats
  • This quiz has been taken 184 times
  • The average score is 5 of 10
Answer Stats
Hint Answer % Correct
Elementary Dr Watson Baker
94%
Main west end shopping street Oxford
80%
4 Scousers crossing Abbey
72%
A big ol' blaze started here way back Pudding
64%
Main mod hangout street in 60s Carnaby
52%
Where Spurs home ground is White Hart
48%
Home to the Bank of England Threadneedle
46%
Where Queenie lives The Mall
33%
Known for its many bookshops Charing Cross
26%
Home to London's most famous shop Brompton
23%
No matching quizzes found
Score Distribution
Percent of People with Each Score
Percentile by Number Answered
Your Score History
You have not taken this quiz